• 首页
  • 本馆介绍
  • 公告通知
  • 最新文献
  • 馆藏检索
  • 电子资源
  • 读者导购
  • 参考咨询
  • 我的图书馆
  • 登录
  • 详细信息显示
  • 放入我的书架
  • 预约/预借图书
  • 作者相关作品
  • 分类相关作品
  • 丛书相关作品
  • 出版社相关作品

书目信息

  • 表格格式
  • 工作单格式
  • 卡片格式
题名:
师德突出问题典型案例评析
    
 
作者: 易凌云 , 严冷 册主编 ;全国师德教育研究课题组 组编
分册:   幼儿园教师读本
出版信息: 北京   北京师范大学出版社  2014
页数: 120页
开本: 23cm
丛书名: 教师工作系列丛书
单 册:
中图分类: G451.6 , G615
科图分类:
主题词: 师德--案例--研究 , 幼儿园--师德--案例 , 师德 , 案例 , 幼儿园
电子资源:
ISBN: 978-7-303-17138-5
000 01235oam2 2200349 450
001 340245
005 20150625105255.45
010    @a978-7-303-17138-5@dCNY18.00
100    @a20140730d2014 em y0chiy50 ea
101 0  @achi
102    @aCN@b110000
105    @aa z 000yy
106    @ar
200 1  @a师德突出问题典型案例评析@Ashi de tu chu wen ti dian xing an li ping xi@i幼儿园教师读本@f全国师德教育研究课题组组编
210    @a北京@c北京师范大学出版社@d2014
215    @a120页@c图@d23cm
225 1  @a教师工作系列丛书
314    @a册主编:易凌云、严冷
330    @a本书包括“敬业爱幼, 捍卫职业尊严”, “尊重幼儿, 杜绝体罚与变相体罚”, “强化责任, 保护幼儿生命安全”, “为人师表, 维护教师职业形象”四个专题, 每一专题包括典型案例、案例评析以及对策建议三个模块。
410  0 @12001 @a教师工作系列丛书
606 0  @a师德@x案例@x研究
606 0  @a幼儿园@x师德@x案例
606 0  @a师德
606 0  @a案例
606 0  @a幼儿园
690    @aG451.6@v5
690    @aG615@v5
701  0 @a易凌云@Ayi ling yun@c(女)@4册主编
701  0 @a严冷@Ayan leng@4册主编
712 02 @a全国师德教育研究课题组@Aquan guo shi de jiao yu yan jiu ke ti zu@4组编
801  0 @aCN@b卓展宏图@c20150525
905    @dG451.6@e141@f4
    
    师德突出问题典型案例评析.幼儿园教师读本/全国师德教育研究课题组组编.-北京:北京师范大学出版社,2014
    120页:图;23cm.-(教师工作系列丛书)
    
    
    ISBN 978-7-303-17138-5:CNY18.00
    本书包括“敬业爱幼, 捍卫职业尊严”, “尊重幼儿, 杜绝体罚与变相体罚”, “强化责任, 保护幼儿生命安全”, “为人师表, 维护教师职业形象”四个专题, 每一专题包括典型案例、案例评析以及对策建议三个模块。
●
相关链接 在E读中查询图书 在五车中查询图书 在当当中查询图书 在豆瓣中查询图书


正题名:师德突出问题典型案例评析     索取号:G451.6/141         预约/预借

序号 登录号 条形码 馆藏地/架位号 状态 备注
1 864902   208649024   第一样本阅览室/ [索取号:G451.6/141] 在馆    
2 864903   208649033   教育系资料室/ [索取号:G451.6/141] 在馆    
3 864904   208649042   第四借阅区/ [索取号:G451.6/141] 在馆    
4 864905   208649051   第四借阅区/ [索取号:G451.6/141] 在馆    
唐山师范学院图书馆 欢迎您!
大连网信软件有限公司© 版权所有